[Event "COL-chT"]
[Site "Risaralda"]
[Date "2023.11.21"]
[Round "5.3"]
[White "Basilio, Enoc"]
[Black "Cabrales Almanza, Josue Ricardo"]
[Result "0-1"]
[WhiteElo "1856"]
[BlackElo "1745"]
[PlyCount "57"]
[EventDate "2023.11.19"]
[EventType "team-swiss"]
[EventRounds "7"]
[EventCountry "COL"]
[SourceTitle "CB49_2023"]
[SourceDate "2023.12.06"]
[SourceVersion "1"]
[SourceVersionDate "2023.12.06"]
[SourceQuality "1"]
[WhiteTeam "Sucre"]
[BlackTeam "Cordoba"]
[WhiteTeamCountry "COL"]
[BlackTeamCountry "COL"]

1. e4 c5 2. Nf3 Nc6 3. c4 Nf6 4. Nc3 d6 5. h3 g6 6. Be2 Bg7 7. 0-0 0-0 8. d3 e6 9. Be3 b6 10. Qd2 d5 11. Bh6 dxe4 12. Bxg7 exf3 13. Bxf6 Qxf6 14. Bxf3 Bb7 15. Ne4 Qe7 16. Qh6 Nd4 17. Nf6+ Qxf6 18. Bxb7 Rab8 19. Be4 Ne2+ 20. Kh1 Qxb2 21. h4 Qg7 22. Qe3 Nd4 23. Rac1 f5 24. Bf3 f4 25. Qe4 Qh6 26. h5 Rf5 27. Bg4 Rxh5+ 28. Bxh5 Qxh5+ 29. Kg1 0-1

[Event "COL-chT"]
[Site "Risaralda"]
[Date "2023.11.20"]
[Round "3.3"]
[White "Renteria Rodriguez, Henry"]
[Black "Basilio, Enoc"]
[Result "1-0"]
[WhiteElo "1810"]
[BlackElo "1856"]
[PlyCount "71"]
[EventDate "2023.11.19"]
[EventType "team-swiss"]
[EventRounds "7"]
[EventCountry "COL"]
[SourceTitle "CB49_2023"]
[SourceDate "2023.12.06"]
[SourceVersion "1"]
[SourceVersionDate "2023.12.06"]
[SourceQuality "1"]
[WhiteTeam "Choco"]
[BlackTeam "Sucre"]
[WhiteTeamCountry "COL"]
[BlackTeamCountry "COL"]

1. e4 e6 2. d4 d5 3. Nc3 dxe4 4. Nxe4 Nf6 5. Nxf6+ Qxf6 6. Nf3 h6 7. Bd3 Bd6 8. Qe2 0-0 9. Bd2 Bd7 10. Ne5 Rd8 11. 0-0-0 Nc6 12. Nxd7 Rxd7 13. c3 Bf4 14. Kb1 Bxd2 15. Rxd2 a6 16. h4 b5 17. Qe4 Rad8 18. Qxc6 b4 19. Qf3 Qe7 20. Bc2 c5 21. cxb4 cxb4 22. Qe4 Qf6 23. Rhd1 Rd5 24. f3 g6 25. Qe3 Qxh4 26. Be4 R5d6 27. d5 f5 28. Bc2 exd5 29. Rxd5 Rxd5 30. Bb3 Kg7 31. Bxd5 Qf6 32. Qc5 Qd6 33. Qd4+ Qf6 34. Qxb4 Qe5 35. f4 Qe2 36. Qd4+ 1-0

[Event "COL-chT rapid"]
[Site "Cartagena"]
[Date "2019.11.29"]
[Round "3.3"]
[White "Basilio, Enoc"]
[Black "Fonseca Pinto, Carlos Arturo"]
[Result "0-1"]
[WhiteElo "1807"]
[BlackElo "2129"]
[PlyCount "22"]
[EventDate "2019.11.29"]
[EventType "team-swiss"]
[EventRounds "7"]
[EventCountry "COL"]
[SourceTitle "CBM 193 Extra"]
[Source "ChessBase"]
[SourceDate "2020.01.31"]
[SourceVersion "1"]
[SourceVersionDate "2020.01.31"]
[SourceQuality "1"]
[WhiteTeam "Sucre"]
[BlackTeam "Boyaca"]
[WhiteTeamCountry "COL"]
[BlackTeamCountry "COL"]

1. e4 e5 2. Nf3 Nc6 3. Bb5 a6 4. Ba4 Nf6 5. 0-0 Be7 6. Re1 b5 7. Bb3 d6 8. h3 0-0 9. c3 Na5 10. Bc2 c5 11. d4 Nd7 0-1

[Event "COL-chT"]
[Site "Cartagena"]
[Date "2019.11.25"]
[Round "3.3"]
[White "Basilio, Enoc"]
[Black "Guerrero Forero, Ricardo Alonso"]
[Result "0-1"]
[WhiteElo "1934"]
[BlackElo "2115"]
[PlyCount "82"]
[EventDate "2019.11.24"]
[EventType "team-swiss"]
[EventRounds "7"]
[EventCountry "COL"]
[SourceTitle "CBM 193 Extra"]
[Source "ChessBase"]
[SourceDate "2020.01.31"]
[SourceVersion "1"]
[SourceVersionDate "2020.01.31"]
[SourceQuality "1"]
[WhiteTeam "Sucre"]
[BlackTeam "Cundinamarca"]
[WhiteTeamCountry "COL"]
[BlackTeamCountry "COL"]

1. e4 c5 2. Nf3 d6 3. c4 Nf6 4. Nc3 Nc6 5. d3 e6 6. Be2 Be7 7. 0-0 0-0 8. b3 a6 9. Bb2 Rb8 10. d4 cxd4 11. Nxd4 Bd7 12. Qd2 Qb6 13. Rfd1 Rfd8 14. Qe3 Nxd4 15. Qxd4 Qa5 16. Bf3 Qg5 17. Rd3 b5 18. cxb5 axb5 19. Bd1 b4 20. Rg3 Qh4 21. Rh3 e5 22. Rxh4 exd4 23. Ne2 g5 24. Rh6 Kg7 25. Rxf6 Bxf6 26. Nxd4 Ra8 27. Bf3 Ra5 28. h3 Kg6 29. Kf1 Be5 30. Ke2 Rda8 31. a4 bxa3 32. Bc3 Rc5 33. Kd3 a2 34. b4 Rcc8 35. Bb2 Be6 36. Bd1 Bc4+ 37. Ke3 Bf4+ 38. Kf3 Bd3 39. Bb3 Bb1 40. Nf5 Re8 41. h4 Bxe4+ 0-1

[Event "COL-chT"]
[Site "Cartagena"]
[Date "2019.11.24"]
[Round "1.3"]
[White "Basilio, Enoc"]
[Black "Rodriguez Velasco, German Enrique"]
[Result "1/2-1/2"]
[WhiteElo "1934"]
[BlackElo "2135"]
[PlyCount "85"]
[EventDate "2019.11.24"]
[EventType "team-swiss"]
[EventRounds "7"]
[EventCountry "COL"]
[SourceTitle "CBM 193 Extra"]
[Source "ChessBase"]
[SourceDate "2020.01.31"]
[SourceVersion "1"]
[SourceVersionDate "2020.01.31"]
[SourceQuality "1"]
[WhiteTeam "Sucre"]
[BlackTeam "Boyaca"]
[WhiteTeamCountry "COL"]
[BlackTeamCountry "COL"]

1. e4 c5 2. Nf3 e6 3. c4 a6 4. Be2 Qc7 5. Nc3 Nf6 6. 0-0 d6 7. d3 Be7 8. b3 0-0 9. Bb2 Nc6 10. d4 cxd4 11. Nxd4 Bd7 12. Qd2 Nxd4 13. Qxd4 Bc6 14. Bf3 Rfd8 15. Rfd1 Rac8 16. Rac1 Bf8 17. Qe3 Qb8 18. Ne2 Nd7 19. Nd4 Ne5 20. Nxc6 Nxf3+ 21. Qxf3 bxc6 22. Rd3 Rd7 23. Rcd1 Rcd8 24. Qh5 g6 25. Qh4 Bg7 26. Bxg7 Kxg7 27. Rh3 Rh8 28. Qh6+ Kg8 29. Rhd3 Qc7 30. Qf4 Kg7 31. Rxd6 Rhd8 32. e5 Rxd6 33. Rxd6 Qa5 34. h3 Rxd6 35. exd6 Qe1+ 36. Kh2 e5 37. Qe3 Qxe3 38. fxe3 Kf6 39. c5 Ke6 40. Kg3 f5 41. Kf3 g5 42. b4 h5 43. g3 1/2-1/2

[Event "COL-chT Interligas"]
[Site "Palmira"]
[Date "2019.04.28"]
[Round "4.3"]
[White "Jaramillo, Gonzalo"]
[Black "Basilio, Enoc"]
[Result "1/2-1/2"]
[WhiteElo "2142"]
[BlackElo "1880"]
[PlyCount "47"]
[EventDate "2019.04.27"]
[EventType "team-swiss"]
[EventRounds "6"]
[EventCountry "COL"]
[SourceTitle "CBM 190 Extra"]
[Source "ChessBase"]
[SourceDate "2019.07.15"]
[SourceVersion "1"]
[SourceVersionDate "2019.07.15"]
[SourceQuality "1"]
[WhiteTeam "Valle Carlos Cuartas"]
[BlackTeam "Sucre"]
[WhiteTeamCountry "COL"]
[BlackTeamCountry "COL"]

1. e4 e5 2. Nf3 Nc6 3. d4 exd4 4. Nxd4 Bc5 5. Be3 Qf6 6. Nxc6 Bxe3 7. fxe3 Qxc6 8. Nc3 Ne7 9. Qd4 0-0 10. 0-0-0 Qb6 11. Nd5 Nxd5 12. exd5 Qxd4 13. Rxd4 d6 14. Bd3 Bd7 15. Rf1 Rae8 16. Kd2 Re5 17. Rh4 g6 18. c4 b6 19. Rhf4 Kg7 20. h4 h5 21. b3 Bg4 22. g3 Re7 23. R1f2 Rfe8 24. e4 1/2-1/2

[Event "COL-ch"]
[Site "Quibdo"]
[Date "2015.11.10"]
[Round "2"]
[White "Otalora Pacheco, Carlos Eduardo"]
[Black "Basilio, Enoc"]
[Result "1/2-1/2"]
[WhiteElo "2089"]
[BlackElo "1707"]
[PlyCount "139"]
[EventDate "2015.11.10"]
[EventType "swiss"]
[EventRounds "9"]
[EventCountry "COL"]
[SourceTitle "CBM 169 Extra"]
[Source "ChessBase"]
[SourceDate "2015.12.18"]
[SourceVersion "1"]
[SourceVersionDate "2015.12.18"]
[SourceQuality "1"]

1. d4 d5 2. Nf3 e6 3. c4 c6 4. Nc3 f5 5. g3 Nf6 6. Bg2 Bd6 7. 0-0 Nbd7 8. b3 0-0 9. Bb2 Ne4 10. e3 Ndf6 11. Ne5 Nxc3 12. Bxc3 Ne4 13. Bb2 Bd7 14. Qe2 Qe7 15. f3 Nf6 16. e4 f4 17. g4 Bc7 18. a3 Rad8 19. Rfe1 Bc8 20. Nd3 Qf7 21. Nf2 dxe4 22. Nxe4 Nxg4 23. fxg4 f3 24. Qf2 fxg2 25. Qxg2 Qg6 26. h3 Rf7 27. Rf1 Rdf8 28. Rxf7 Rxf7 29. Re1 h5 30. c5 hxg4 31. Qxg4 Qxg4+ 32. hxg4 Rf3 33. b4 Rb3 34. Re2 Bf4 35. Kg2 Bd7 36. Rf2 Bc7 37. Bc1 e5 38. dxe5 Bxe5 39. Bf4 Bxf4 40. Rxf4 Rxa3 41. Nd6 b6 42. g5 bxc5 43. bxc5 Kh7 44. Rf7 Be6 45. Rc7 Bd5+ 46. Kf2 Kg6 47. Ne8 Kxg5 48. Rxg7+ Kf4 49. Re7 a5 50. Nc7 Be4 51. Rf7+ Ke5 52. Ke2 Bd5 53. Rd7 Kd4 54. Rxd5+ cxd5 55. Nb5+ Kxc5 56. Nxa3 Kb4 57. Nc2+ Kc3 58. Kd1 Kb2 59. Kd2 a4 60. Kd1 a3 61. Nxa3 Kxa3 62. Kc2 Kb4 63. Kd3 Kc5 64. Kc3 d4+ 65. Kd3 Kd5 66. Kd2 Ke4 67. Ke2 Kd5 68. Kd3 Kc5 69. Kd2 Kc4 70. Kc2 1/2-1/2